000 00794nam a2200265Ia 4500
003 OSt
005 20221006160150.0
006 a|||||r|||| 00| 0
007 ta
008 221006b |||||||| |||| 00| 0 chi d
020 _a9780804810432
_c
_14.95
024 _a44,503
037 _bGift, KCC (Window on Korea)
_cAnnuals, Advances
040 _aEASL
_cEASL
_bchi
041 _2chi
_achi
082 _aO495,3x, L3
100 _aCarpenter Frances
_9672182
245 0 _aTales of Korean grandmother
_b 32 Traditional tales from Korea
260 _aTokyo
_bTuttle publication
_c1973
300 _a287p.
_ccm.
490 _v KEL
650 _aKEL
942 _hO495,3x, L3
_cREF
_2CC
999 _c1112595
_d1112595